South Park Chronology - Season 6 Quiz Stats

 Plays Quiz not verified by Sporcle

Challenge
Share
Tweet
Embed
Score 0/17 Timer 03:00
0 Plays Today
% Correct
Fun with Veal
78.6%
Professor Chaos
78.6%
Simpsons Already Did It
78.6%
Jared Has Aides
75%
Asspen
75%
Freak Strike
75%
The New Terrance and Phillip Movie Trailer
75%
Free Hat
50%
Red Hot Catholic Love
42.9%
% Correct
Child Abduction Is Not Funny
39.3%
Bebe's Boobs Destroy Society
32.1%
The Biggest Douche in the Universe
28.6%
Red Sleigh Down
28.6%
The Return of the Fellowship of the Ring to the Two Towers
25%
A Ladder to Heaven
21.4%
My Future Self n' Me
21.4%
The Death Camp of Tolerance
17.9%

You're not logged in!

Compare scores with friends on all Sporcle quizzes.
OR
Log In

You Might Also Like...

Show Comments

Extras

Top Quizzes Today


Score Distribution

Your Account Isn't Verified!

In order to create a playlist on Sporcle, you need to verify the email address you used during registration. Go to your Sporcle Settings to finish the process.

Report this User

Report this user for behavior that violates our Community Guidelines.

Details: